|
|
|
|
| LEADER |
01448nam a2200361 a 4500 |
| 001 |
37502 |
| 003 |
BD-DhAAL |
| 005 |
20220113114523.0 |
| 008 |
210613r19922002enka b 001 0 eng |
| 999 |
|
|
|c 43234
|d 43234
|
| 010 |
|
|
|a 91026573
|
| 020 |
|
|
|a 0521400279
|
| 020 |
|
|
|a 9780521400275
|
| 040 |
|
|
|a DLC
|c DLC
|d DLC
|d BD-DhAAL
|
| 043 |
|
|
|a a-ii---
|
| 050 |
0 |
0 |
|a DS436
|b .N47 1987 pt. 1, vol. 3
|a ND1002
|
| 082 |
0 |
0 |
|a 759.954
|2 20
|
| 100 |
1 |
|
|a Beach, Milo Cleveland.
|9 41068
|
| 245 |
1 |
0 |
|a The new Cambridge history of India :
|b Mughal and Rajput painting /
|c Milo Cleveland Beach.
|
| 246 |
|
|
|a The new Cambridge history of India, I, 3 :
|b Mughal and Rajput painting /
|
| 260 |
|
|
|a Cambridge ;
|a New York, NY, USA :
|b Cambridge University Press,
|c 1992[Reprinted 2002]
|
| 300 |
|
|
|a xxxii, 252 pages :
|b illustrations (some col.) ;
|c 26 cm.
|
| 490 |
|
|
|a The New Cambridge history of India ;
|v I, 3
|
| 504 |
|
|
|a Includes bibliographical references (p. 240-247) and index.
|
| 526 |
|
|
|a RS
|
| 541 |
|
|
|a Karim international
|e 37502
|
| 590 |
|
|
|a In English.
|
| 650 |
|
0 |
|a Painting, Mogul Empire.
|9 41069
|
| 650 |
|
0 |
|a Islamic painting
|z India.
|9 41070
|
| 650 |
|
0 |
|a Rajput painting.
|9 41071
|
| 852 |
|
|
|a Savar Campus Library
|c General Stacks
|
| 942 |
|
|
|2 ddc
|c BK
|
| 952 |
|
|
|0 0
|1 0
|2 ddc
|4 0
|6 759_954000000000000_BEA
|7 0
|9 69331
|a SCL
|b SCL
|c GEN
|d 2021-03-25
|e Karim International
|g 6960.00
|l 0
|o 759.954 BEA
|p 3020037502
|r 2021-03-25
|t 1
|v 6960.00
|w 2021-03-25
|y BK
|